Paroles - Nekfeu - La ballade du frémont - Statistiques

Statistiques générales
  • Ce quiz a été pris 95 fois
    94 depuis la dernière actualisation
  • Le résultat moyen est 308 sur 465
Statistiques - réponses
Paroles % Correct
la la la la
98%
la la la la la la la
98%
de
96%
la
96%
à
92%
a
92%
te
90%
ça
88%
Ça
88%
Comme
88%
comme
88%
Je
88%
me
88%
se
88%
un
88%
le
87%
Le
87%
on
87%
On
87%
ce
85%
c'est
85%
C'est
85%
Et
85%
m'a
85%
Ma
85%
ma
85%
pas
85%
en
83%
fait
83%
sur
83%
blanc,
81%
ne
81%
prend
81%
une
81%
dans
79%
il
79%
Il
79%
loi
79%
rappé
79%
cantine
77%
chante
77%
est
77%
gardav'
77%
gardav
77%
jamais
77%
les
77%
liberté
77%
prends
77%
Rappel
77%
rappel
77%
repos
77%
dimanche,
75%
mes
75%
mon
75%
muslim
75%
sort
75%
tête
75%
tête,
75%
va
75%
avec
73%
poto
73%
que
73%
s'en
73%
armée
71%
des
71%
dit
71%
frauder,
71%
frauder
71%
sa
71%
demain
69%
J'suis
69%
Mais
69%
mais
69%
nuit
69%
seul
69%
sorti
69%
commence
67%
commencé
67%
J'ai
67%
j'ai
67%
par
67%
père,
67%
police
67%
ton
67%
blanche,
65%
comptines
65%
contre
65%
contrôleur
65%
fils
65%
pute,
65%
Si
65%
si
65%
"si
65%
quand
63%
Quand
63%
robots
63%
Sous
63%
Tu
63%
tu
63%
appel
62%
frotté,
62%
frotté
62%
J'vais
62%
"j'vais
62%
j'vais
62%
pour
62%
rejoindre
62%
appelle
60%
bout
60%
guerre
60%
JB,
60%
suis
60%
temps,
60%
wagon
60%
quai,
58%
refaire
58%
bordel
56%
eu
56%
L'on
56%
noirs"
56%
plus
56%
portrait
56%
qu'eux
56%
qu'eux (x2)
56%
route
56%
teille-bou
56%
autre
54%
braves
54%
cavale"
54%
gens
54%
n'aiment
54%
t'es
54%
"approche,
52%
cassé
52%
ferroviaire
52%
sales
52%
sommeil
52%
veux
52%
J'me
50%
possible
50%
facile
48%
l'oreille,
48%
place
48%
soir
48%
suive
48%
vais,
48%
videur
48%
coup"
46%
t'as
46%
"y'a
46%
bande
44%
bar
44%
boite,
44%
bon
44%
dessus
44%
feu
44%
Nan,
44%
paysage
44%
promis
44%
sors
44%
voir
44%
gars
42%
j't'offre
42%
j'y
42%
plan,
42%
puis
42%
tends
42%
bas
40%
commences
40%
Elle
40%
Hey,
40%
piste
40%
rentres
40%
Gildas,
38%
hasard
38%
renois,
38%
barrage
37%
d'atterrissage
37%
fini
37%
frapper,
37%
keufs
37%
même
37%
part
37%
s'asseoir"
37%
taper
37%
impolie
35%
Marcher
35%
vise
35%
cuisses
33%
devant
33%
devient
33%
dirait
31%
géant
31%
jet
31%
privé
31%
résille
31%
Babtous,
29%
dos
29%
hall
29%
besoin
27%
beuh
27%
kafass ?
27%
kilos
27%
l'hôtel
27%
sortis
27%
cuit
25%
d'être
25%
mini
25%
pocheton
25%
reste
25%
tous
25%
acteurs
23%
appelés
23%
avion
23%
cet
23%
chasse
23%
érafler,
23%
massage
23%
ramener
23%
détecteur
21%
deux
21%
nous-mêmes
21%
bébé
19%
calés
19%
chaussettes
19%
Ils
19%
met
19%
paire
19%
prochaine,
19%
chambre
17%
ont
17%
rappelle
17%
tacler,
17%
briefer
15%
brochette
15%
connaitre
15%
détracteurs
15%
fe-keu
15%
t'inquiètes,
15%
font
13%
pouvoir
13%
réfractaires
13%
tournée
13%
couloir
12%
délateurs
12%
rabes-a
12%
rangers
12%
Bruit
10%
n'était
10%
soudain
8%
Aucun quiz correspondant
Distribution des résultats
% des personnes avec chaque résultat
Percentile par nombre de réponses
Votre historique - résultats
Vous n’avez pas pris ce quiz depuis la dernière actualisation